00221nam a2200085Ia 450000100070000000500170000700800410002424500430006526000270010899980920250826230340.0250824s9999 xx 000 0 und d 0aRÜYA KOLONİSİ/R1cESRA AVGÖREN bGENÇ DAMLA YAYINLARI